A Landscape of Plenty: Excavations on a Roman Estate, Cambridgeshire

محفوظ في:

المؤلفون الرئيسيون: Morris, Francis M. (مؤلف), Davey, James E. R. (مؤلف)

التنسيق: كتاب

منشور في: Oxford Archaeopress Publishing Ltd 2025

الوسوم: إضافة وسم

لا توجد وسوم, كن أول من يضع وسما على هذه التسجيلة!

رقم الطلب:

LEADER 00713namaa2200181 4500
001 9781805831037
003 UkOxAP
005 20260405155018.0
020 |a 9781805831044 
776 1 |x 9781805831037 
245 0 0 |a A Landscape of Plenty: Excavations on a Roman Estate, Cambridgeshire 
100 1 |a Morris, Francis M.  |e Author  |l English 
700 1 |a Davey, James E. R.  |e Author  |l English 
856 4 2 |a http://library.arce.org:8087/Archaeopress/Products/9781805831044 
260 |a Oxford  |b Archaeopress Publishing Ltd  |c 2025 
270 |a Archaeopress Publishing Ltd, Summertown Pavillion, 18 -24 Middle Way, Summertown  |b Oxford  |d United Kingdom  |e OX2 7LG  |k 44-1865-311914  |m info@archaeopress.com 
942 |2 lcc  |c EBOOK 
999 |c 62125  |d 62125